000
00299 a2200109 4500
001
ART_49981
005
20260410161729.0
008
260409a
245
1
0
_a
La igualdad en espera
100
1
_a
Pautassi, Laura C.
773
0
_t
Lecciones y ensayos
_g
- NÂș 89 (ene. 2011)
_w
REV2658
999
_c
17721
_d
17721